مكتبة جامعة عجلون الوطنية

فهرس بحث المكتبة

Normal view MARC view
  • اعداد الشوادفي، محمد غمري

Entry Personal Name

Number of records used in: 1

001 - CONTROL NUMBER

  • control field: 44830

003 - CONTROL NUMBER IDENTIFIER

  • control field: JO-AjAnu

005 - DATE AND TIME OF LATEST TRANSACTION

  • control field: 20230606081423.0

008 - FIXED-LENGTH DATA ELEMENTS

  • fixed length control field: 230606|| aca||aabn | a|a d

040 ## - CATALOGING SOURCE

  • Original cataloging agency: JO-AjAnu
  • Transcribing agency: JO-AjAnu

100 ## - HEADING--PERSONAL NAME

  • Personal name: اعداد الشوادفي، محمد غمري

670 ## - SOURCE DATA FOUND

  • Source citation: Work cat.: (JO-AjAnu)22955: اعداد الشوادفي، محمد غمري, author, العلاقة بين الاداء الالكتروني للخدمات والولاء التنظيمي :دراسة تطبيقية على الخدمة البنكية